00598 a2200169 4500003000500000005001700005040000900022082001200031100003700043245008400080260003200164300001600196505016200212538002900374650001400403651001100417Nust20170207153213.0 cNust a621.382 aSindhu, Mansoor Ahmed (MSEE-6) aImplementation of stegnography for information securitycMansoor Ahmed Sindhu  bMCS, NUSTc2002aRawalpindi axii,80 ,p.; aIntroduction to the Thesis (page-1) An over view to the Thesis (page-3) Encryption (page-28) Implementation (page-64) Conclusion and recommendation (page-74) aAlmirah No.69 Shelf No.1 aPG Thesis aMSEE-6